[Event "Vrsar op"]
[Site "Vrsar"]
[Date "2023.04.30"]
[Round "8"]
[White "Mainenti, Kevin"]
[Black "Poecksteiner, Johann"]
[Result "0-1"]
[WhiteElo "1893"]
[BlackElo "2110"]
[PlyCount "116"]
[EventDate "2023.04.25"]
[EventType "swiss"]
[EventRounds "9"]
[EventCountry "CRO"]
[SourceTitle "CBM 214 Extra"]
[Source "ChessBase"]
[SourceDate "2023.07.31"]
[SourceVersion "1"]
[SourceVersionDate "2023.07.31"]
[SourceQuality "1"]

1. e4 d5 2. exd5 Qxd5 3. Nf3 Nf6 4. Nc3 Qa5 5. d3 c6 6. Be2 Bg4 7. h3 Bh5 8. a3 e6 9. Bd2 Nbd7 10. b4 Qc7 11. 0-0 Bd6 12. Ng5 Bg6 13. Bf3 Bf4 14. Re1 Bxd2 15. Qxd2 0-0 16. Ne2 Rfd8 17. Nf4 Ne5 18. Qe3 Nxf3+ 19. Qxf3 e5 20. Nxg6 hxg6 21. Qg3 Rd5 22. Re3 Nh5 23. Qh4 f6 24. Ne4 Qf7 25. Rf3 g5 26. Qg4 Nf4 27. Ng3 g6 28. Re3 a5 29. bxa5 Rdxa5 30. h4 gxh4 31. Qxh4 Kg7 32. Qg4 Rxa3 33. Rae1 Ra1 34. d4 f5 35. Qg5 Ne6 36. Nh5+ Kf8 37. Qh6+ Ke7 38. Rxe5 Rxe1+ 39. Rxe1 gxh5 40. c4 Rd8 41. Qg5+ Qf6 42. Qxh5 Rxd4 43. Qh7+ Qf7 44. Qh2 Kd7 45. Qb8 Nd8 46. Qe5 Rd6 47. c5 Rd5 48. Qe3 f4 49. Qh3+ Kc7 50. Qa3 f3 51. Qa5+ Kd7 52. Qc3 Ne6 53. Qb4 Nxc5 54. Qg4+ Ne6 55. Qb4 Qg6 56. Qxb7+ Nc7 57. g3 Qg4 58. Qb8 Qf5 0-1

[Event "Vrsar op"]
[Site "Vrsar"]
[Date "2023.04.28"]
[Round "5"]
[White "Poecksteiner, Johann"]
[Black "Kien, James"]
[Result "1/2-1/2"]
[WhiteElo "2110"]
[BlackElo "1732"]
[PlyCount "31"]
[EventDate "2023.04.25"]
[EventType "swiss"]
[EventRounds "9"]
[EventCountry "CRO"]
[SourceTitle "CBM 214 Extra"]
[Source "ChessBase"]
[SourceDate "2023.07.31"]
[SourceVersion "1"]
[SourceVersionDate "2023.07.31"]
[SourceQuality "1"]

1. e4 c5 2. Nf3 e6 3. c3 d5 4. exd5 Qxd5 5. d4 Nc6 6. Bd3 cxd4 7. cxd4 Nf6 8. Nc3 Qh5 9. Bg5 Be7 10. Qd2 h6 11. Be3 Bd7 12. a3 0-0 13. b4 e5 14. dxe5 Nxe5 15. Be2 Bg4 16. Nxe5 1/2-1/2

[Event "Vrsar op"]
[Site "Vrsar"]
[Date "2023.04.26"]
[Round "2"]
[White "Poecksteiner, Johann"]
[Black "Mrkic, Simun"]
[Result "1-0"]
[WhiteElo "2110"]
[BlackElo "1726"]
[PlyCount "71"]
[EventDate "2023.04.25"]
[EventType "swiss"]
[EventRounds "9"]
[EventCountry "CRO"]
[SourceTitle "CBM 214 Extra"]
[Source "ChessBase"]
[SourceDate "2023.07.31"]
[SourceVersion "1"]
[SourceVersionDate "2023.07.31"]
[SourceQuality "1"]

1. d4 Nf6 2. c4 g6 3. Nc3 Bg7 4. e4 d6 5. f3 0-0 6. Bg5 c5 7. d5 Nbd7 8. Qd2 Re8 9. Nh3 Nf8 10. Nf2 a6 11. a4 Qc7 12. Be2 e6 13. 0-0 h5 14. Rfd1 e5 15. a5 N6h7 16. Bh6 Bh8 17. Na4 Qe7 18. b4 cxb4 19. Qxb4 Nd7 20. Be3 f5 21. c5 f4 22. cxd6 Qh4 23. Bd2 g5 24. Be1 g4 25. Nxg4 Qg5 26. Nf2 Kf7 27. Rac1 Rg8 28. Bf1 Bf6 29. Kh1 Bd8 30. Nc5 Bxa5 31. Qxa5 b6 32. Ne6 bxa5 33. Nxg5+ Nxg5 34. Bxa5 Rb8 35. Rb1 Bb7 36. Bc7 1-0

[Event "AUT-chT2O 2223"]
[Site "Austria"]
[Date "2022.12.03"]
[Round "5.5"]
[White "Fingerhut, Ludwig"]
[Black "Poecksteiner, Johann"]
[Result "0-1"]
[WhiteElo "1825"]
[BlackElo "2131"]
[PlyCount "90"]
[EventDate "2022.10.15"]
[EventType "team-tourn"]
[EventRounds "11"]
[EventCountry "AUT"]
[SourceTitle "CBM 213 Extra"]
[Source "ChessBase"]
[SourceDate "2023.05.31"]
[SourceVersion "1"]
[SourceVersionDate "2023.05.31"]
[SourceQuality "1"]
[WhiteTeam "Purbach/Donnerskirchen"]
[BlackTeam "Wien Austria"]
[WhiteTeamCountry "AUT"]
[BlackTeamCountry "AUT"]

1. e4 c5 2. f4 Nc6 3. Nf3 e6 4. Bb5 Nge7 5. Nc3 a6 6. Bxc6 Nxc6 7. d3 d5 8. exd5 exd5 9. 0-0 Be7 10. a3 0-0 11. Re1 Bf6 12. Bd2 Qd6 13. Rb1 b5 14. Ne2 Bg4 15. Rf1 Rfe8 16. h3 Bd7 17. Ng3 g6 18. Re1 Bg7 19. Re2 f5 20. Qf1 a5 21. c3 d4 22. Rbe1 dxc3 23. bxc3 b4 24. axb4 axb4 25. c4 Rxe2 26. Rxe2 Nd4 27. Nxd4 Bxd4+ 28. Kh2 b3 29. Re1 Ra2 30. Rd1 Bf6 31. Be3 Bc6 32. Ne2 Qe7 33. Bd2 Rc2 34. Qe1 Qb7 35. Rb1 Bxg2 36. Qd1 Qf3 37. Rxb3 Qxh3+ 38. Kg1 Bf3 39. Kf2 Bd4+ 40. Nxd4 Qg2+ 41. Ke3 cxd4+ 42. Kxd4 Bxd1 43. Rb8+ Kf7 44. Be3 Qc6 45. Rb5 Bf3 0-1

[Event "AUT-ch Zwisch Internet"]
[Site "Playchess.com INT"]
[Date "2020.05.02"]
[Round "9"]
[White "Alvir, Aco"]
[Black "Poecksteiner, Johann"]
[Result "1/2-1/2"]
[WhiteElo "2355"]
[BlackElo "2155"]
[PlyCount "84"]
[EventDate "2020.05.02"]
[EventType "swiss (blitz)"]
[EventRounds "13"]
[EventCountry "AUT"]
[SourceTitle "CBM 195 Extra"]
[Source "ChessBase"]
[SourceDate "2020.05.31"]
[SourceVersion "1"]
[SourceVersionDate "2020.05.31"]
[SourceQuality "1"]

1. e4 d5 2. exd5 Qxd5 3. Nc3 Qa5 4. d4 Nf6 5. Nf3 Bg4 6. h3 Bh5 7. g4 Bg6 8. Ne5 e6 9. Bg2 c6 10. h4 Be4 11. f3 Bd5 12. Bd2 Qc7 13. Qe2 Nbd7 14. 0-0-0 Nxe5 15. dxe5 Nd7 16. Nxd5 cxd5 17. f4 Nb6 18. Qb5+ Qc6 19. Bf1 h5 20. g5 g6 21. Rh3 Be7 22. Qxc6+ bxc6 23. Ba6 Kd7 24. b3 Ba3+ 25. Kb1 c5 26. c4 d4 27. Ba5 Kc7 28. b4 Bxb4 29. Bxb4 cxb4 30. Rxd4 Rad8 31. Rhd3 Rxd4 32. Rxd4 Rd8 33. Rxd8 Kxd8 34. Kc2 Na4 35. Bb5 Nc5 36. Kb2 a6 37. Bc6 Ke7 38. Kc2 a5 39. Bf3 Kd8 40. Bc6 Ke7 41. Kd2 Kd8 42. Kc2 Ke7 1/2-1/2

[Event "AUT-ch Zwisch Internet"]
[Site "Playchess.com INT"]
[Date "2020.05.02"]
[Round "5"]
[White "Pernerstorfer, Max"]
[Black "Poecksteiner, Johann"]
[Result "1-0"]
[WhiteElo "2066"]
[BlackElo "2155"]
[PlyCount "81"]
[EventDate "2020.05.02"]
[EventType "swiss (blitz)"]
[EventRounds "13"]
[EventCountry "AUT"]
[SourceTitle "CBM 195 Extra"]
[Source "ChessBase"]
[SourceDate "2020.05.31"]
[SourceVersion "1"]
[SourceVersionDate "2020.05.31"]
[SourceQuality "1"]

1. Nf3 Nf6 2. c4 c5 3. Nc3 Nc6 4. g3 g6 5. Bg2 Bg7 6. 0-0 0-0 7. d4 cxd4 8. Nxd4 d6 9. Nxc6 bxc6 10. Bxc6 Rb8 11. Bg2 Qa5 12. Qc2 Bf5 13. e4 Be6 14. Nd5 Nxd5 15. cxd5 Bd7 16. Bd2 Qb5 17. Rab1 Rfc8 18. Bc3 Qa6 19. Qd2 Qxa2 20. Bxg7 Kxg7 21. Ra1 Qxb2 22. Qxb2+ Rxb2 23. Rxa7 Bb5 24. Re1 Rcc2 25. Rxe7 Rxf2 26. Bh3 Kf8 27. Rb7 Bc4 28. Rxb2 Rxb2 29. Bg2 Rd2 30. Rc1 Rd4 31. Kf2 Ke7 32. Rc2 Bd3 33. Rd2 Kf6 34. Ke3 Ke5 35. Rxd3 Rb4 36. Bf3 h5 37. Be2 Ra4 38. Rb3 Ra1 39. Rb7 Ra3+ 40. Bd3 Kf6 41. Rd7 1-0

[Event "AUT-ch Zwisch Internet"]
[Site "Playchess.com INT"]
[Date "2020.05.02"]
[Round "7"]
[White "Sadilek, Peter"]
[Black "Poecksteiner, Johann"]
[Result "0-1"]
[WhiteElo "2340"]
[BlackElo "2155"]
[PlyCount "58"]
[EventDate "2020.05.02"]
[EventType "swiss (blitz)"]
[EventRounds "13"]
[EventCountry "AUT"]
[SourceTitle "CBM 195 Extra"]
[Source "ChessBase"]
[SourceDate "2020.05.31"]
[SourceVersion "1"]
[SourceVersionDate "2020.05.31"]
[SourceQuality "1"]

1. e4 d5 2. exd5 Qxd5 3. Nc3 Qa5 4. d4 Nf6 5. Bc4 c6 6. Nf3 Bf5 7. Bd2 Qc7 8. Ne5 e6 9. g4 Be4 10. f3 Bd5 11. Bd3 Nbd7 12. Qe2 Nxe5 13. dxe5 Nd7 14. Nxd5 cxd5 15. f4 a6 16. 0-0-0 Nc5 17. f5 0-0-0 18. Rhe1 Nxd3+ 19. Qxd3 Qc4 20. Qxc4+ dxc4 21. Ba5 Rxd1+ 22. Rxd1 Bc5 23. b3 b6 24. Bc3 cxb3 25. axb3 h5 26. g5 exf5 27. g6 fxg6 28. e6 Re8 29. Bxg7 Rxe6 0-1

[Event "AUT-ch Vor3 Internet"]
[Site "Playchess.com INT"]
[Date "2020.04.17"]
[Round "9"]
[White "Pernerstorfer, Max"]
[Black "Poecksteiner, Johann"]
[Result "0-1"]
[WhiteElo "1985"]
[BlackElo "2155"]
[PlyCount "20"]
[EventDate "2020.04.17"]
[EventType "swiss (blitz)"]
[EventRounds "9"]
[EventCountry "AUT"]
[SourceTitle "CBM 195 Extra"]
[Source "ChessBase"]
[SourceDate "2020.05.31"]
[SourceVersion "1"]
[SourceVersionDate "2020.05.31"]
[SourceQuality "1"]

1. e4 d5 2. exd5 Qxd5 3. Nf3 Nf6 4. Be2 Nc6 5. d4 Bg4 6. 0-0 0-0-0 7. c4 Qh5 8. Be3 e5 9. d5 e4 10. Nd4 Nxd4 0-1

[Event "AUT-ch Vor1 Internet"]
[Site "Playchess.com INT"]
[Date "2020.04.11"]
[Round "8"]
[White "Poecksteiner, Johann"]
[Black "Freitag, Manfred"]
[Result "0-1"]
[WhiteElo "2155"]
[BlackElo "2356"]
[PlyCount "84"]
[EventDate "2020.04.11"]
[EventType "swiss (blitz)"]
[EventRounds "9"]
[EventCountry "AUT"]
[SourceTitle "CBM 195 Extra"]
[Source "ChessBase"]
[SourceDate "2020.05.31"]
[SourceVersion "1"]
[SourceVersionDate "2020.05.31"]
[SourceQuality "1"]

1. e4 e5 2. Nf3 Nc6 3. Bb5 a6 4. Ba4 Nf6 5. 0-0 b5 6. Bb3 Be7 7. Re1 0-0 8. d3 d6 9. h3 Na5 10. c3 Nxb3 11. axb3 Bb7 12. b4 Re8 13. Nbd2 Bf8 14. Nb3 Rb8 15. Bg5 h6 16. Bh4 Be7 17. Na5 Ba8 18. Qc2 Qd7 19. Rad1 Rbc8 20. d4 exd4 21. cxd4 d5 22. e5 Ne4 23. Bxe7 Qxe7 24. Nd2 Qxb4 25. Nxe4 dxe4 26. Qc3 Qxc3 27. bxc3 Bd5 28. Re2 c5 29. dxc5 Rxc5 30. Red2 Rxe5 31. Kh2 g5 32. Kg3 Kg7 33. Rd4 f5 34. Kh2 f4 35. g3 Kf6 36. gxf4 gxf4 37. h4 Kf5 38. Kh3 e3 39. fxe3 Rxe3+ 40. Kh2 Ke5 41. R1d2 Rexc3 42. h5 Ra3 0-1

[Event "Vienna Husek op-A"]
[Site "Vienna"]
[Date "2012.08.18"]
[Round "6"]
[White "Poecksteiner, Johann"]
[Black "Karall, Lorenz"]
[Result "1-0"]
[WhiteElo "2187"]
[BlackElo "1972"]
[PlyCount "183"]
[EventDate "2012.08.13"]
[EventType "swiss"]
[EventRounds "7"]
[EventCountry "AUT"]
[SourceTitle "EXT 2014"]
[Source "ChessBase"]
[SourceDate "2013.11.20"]
[SourceVersion "1"]
[SourceVersionDate "2013.11.20"]
[SourceQuality "1"]

1. b3 d6 2. Bb2 Nd7 3. g3 Ngf6 4. Bg2 g6 5. e4 Bg7 6. Ne2 0-0 7. 0-0 c6 8. d3 Qc7 9. Nd2 Rb8 10. a4 e5 11. h3 Re8 12. f4 Nc5 13. f5 g5 14. g4 h6 15. Bf3 b6 16. b4 Ncd7 17. c3 Ba6 18. Qc2 Rbc8 19. Rfd1 Red8 20. Rac1 Qb8 21. c4 d5 22. Qb3 d4 23. Qa2 c5 24. b5 Bb7 25. a5 Qc7 26. Ra1 Rb8 27. Kg2 Ne8 28. Rh1 Bf6 29. Ng3 Ng7 30. Be2 Re8 31. Nf3 Qd8 32. Bc1 Nf8 33. Bd2 Nh7 34. Kf2 Qd6 35. Qc2 Be7 36. Qc1 f6 37. h4 Nf8 38. Rh2 Nd7 39. Qa3 Kf7 40. Bd1 Rg8 41. Bb3 Ke8 42. Rah1 Kd8 43. hxg5 hxg5 44. Rh6 Qc7 45. Ke2 Kc8 46. Qa1 Qd8 47. R1h2 Kc7 48. Nh5 Qf8 49. Ng3 Qf7 50. Kf2 Ne8 51. Bd1 Ng7 52. Be2 Ne8 53. Kg2 Ng7 54. Qh1 Ne8 55. Rh7 Ng7 56. a6 Ba8 57. Nh5 Nf8 58. Nxg7 Rxg7 59. Rxg7 Qxg7 60. Rh8 Rd8 61. Qh5 Kd7 62. Be1 Kc7 63. Bg3 Bd6 64. Kf2 Rc8 65. Qh2 Rd8 66. Rh5 Re8 67. Kf1 Re7 68. Be1 Rd7 69. Bd2 Rd8 70. Nxg5 fxg5 71. Bxg5 Rd7 72. Bd2 Rf7 73. Ke1 Qg8 74. g5 Rh7 75. g6 Rd7 76. Rh8 Qg7 77. Qh6 Qe7 78. Bg5 Qg7 79. Qxg7 Rxg7 80. Bh6 Nxg6 81. Bxg7 Nxh8 82. Bxh8 Kd7 83. Bg7 Bc6 84. Bh5 Bxb5 85. cxb5 Ke7 86. Kd2 Bc7 87. Kc2 Kd6 88. Kb3 Bd8 89. Kc4 Bc7 90. f6 Ke6 91. f7 Bd6 92. f8Q 1-0

[Event "Acqui Terme op 1st"]
[Site "Acqui Terme"]
[Date "2012.07.25"]
[Round "4"]
[White "Drazic, Sinisa"]
[Black "Poecksteiner, Johann"]
[Result "1-0"]
[WhiteElo "2532"]
[BlackElo "2187"]
[PlyCount "59"]
[EventDate "2012.07.23"]
[EventType "swiss"]
[EventRounds "9"]
[EventCountry "ITA"]
[SourceTitle "EXT 2014"]
[Source "ChessBase"]
[SourceDate "2013.11.20"]
[SourceVersion "1"]
[SourceVersionDate "2013.11.20"]
[SourceQuality "1"]

1. d4 c5 2. dxc5 e6 3. Nd2 Bxc5 4. Ne4 d5 5. Nxc5 Qa5+ 6. c3 Qxc5 7. e4 dxe4 8. Qa4+ Bd7 9. Qxe4 Bc6 10. Qg4 Nf6 11. Qg3 Ne4 12. Qe3 Qxe3+ 13. Bxe3 Nd7 14. f3 Nef6 15. Ne2 e5 16. c4 b6 17. Nc3 e4 18. Be2 exf3 19. gxf3 0-0 20. Kf2 Rfe8 21. Rhd1 Re6 22. Rd2 Rae8 23. Bd4 Nh5 24. Rg1 g6 25. Rgd1 Nf4 26. Bf1 Ne5 27. Ne2 Ned3+ 28. Rxd3 Nxe2 29. Be3 Ng1 30. Bg2 1-0

[Event "AUT-chT2O 0809"]
[Site "Austria"]
[Date "2008.10.04"]
[Round "2.5"]
[White "Wagner, Stefan"]
[Black "Poecksteiner, Johann"]
[Result "1/2-1/2"]
[WhiteElo "2133"]
[BlackElo "2169"]
[PlyCount "82"]
[EventDate "2008.10.03"]
[EventType "tourn"]
[EventRounds "11"]
[EventCountry "AUT"]
[SourceTitle "EXT 2009"]
[Source "ChessBase"]
[SourceDate "2008.11.26"]
[SourceVersion "1"]
[SourceVersionDate "2008.11.26"]
[SourceQuality "1"]
[WhiteTeam "Zwettl"]
[BlackTeam "Wien Austria"]
[WhiteTeamCountry "AUT"]
[BlackTeamCountry "AUT"]

1. c4 g6 2. g3 Bg7 3. Bg2 d6 4. Nc3 f5 5. e4 Nc6 6. Nge2 e5 7. d3 Nf6 8. 0-0 0-0 9. h3 Be6 10. Nd5 Qd7 11. Kh2 Rf7 12. Be3 Raf8 13. Qd2 Nh5 14. exf5 gxf5 15. f4 Kh8 16. Rad1 Rg8 17. b3 a6 18. Bf3 Nf6 19. Nxf6 Bxf6 20. d4 e4 21. d5 exf3 22. dxe6 Qxe6 23. Rxf3 Re8 24. Re1 b5 25. cxb5 axb5 26. Nc3 b4 27. Nd5 Ra8 28. Bf2 Rxa2 29. Rxe6 Rxd2 30. Rxf6 Kg7 31. Rxf7+ Kxf7 32. Nxc7 Nd4 33. Kg2 Nxf3 34. Kxf3 Rd3+ 35. Be3 Rxb3 36. g4 Rb1 37. Nb5 Rd1 38. Nd4 fxg4+ 39. hxg4 d5 40. Ke2 Rh1 41. g5 h6 1/2-1/2

[Event "AUT-chT2O 0708"]
[Site "Austria"]
[Date "2007.10.21"]
[Round "2.5"]
[White "Mihok, Oliver"]
[Black "Poecksteiner, Johann"]
[Result "1-0"]
[WhiteElo "2371"]
[BlackElo "2161"]
[PlyCount "65"]
[EventDate "2007.10.20"]
[EventType "team-tourn"]
[EventRounds "11"]
[EventCountry "AUT"]
[SourceTitle "EXT 2009"]
[Source "ChessBase"]
[SourceDate "2008.11.26"]
[SourceVersion "1"]
[SourceVersionDate "2008.11.26"]
[SourceQuality "1"]
[WhiteTeam "Wien Husek"]
[BlackTeam "Wien Austria"]
[WhiteTeamCountry "AUT"]
[BlackTeamCountry "AUT"]

1. e4 a6 2. d4 b5 3. a4 Bb7 4. Bd3 e6 5. axb5 axb5 6. Rxa8 Bxa8 7. Nf3 c5 8. dxc5 Bxc5 9. 0-0 Qb6 10. Qe1 Nc6 11. Nc3 Nb4 12. Bxb5 Nxc2 13. Qd1 Nd4 14. Bxd7+ Ke7 15. Na4 Nxf3+ 16. gxf3 Qc7 17. Nxc5 Qxc5 18. Be3 Qh5 19. b4 f6 20. Bc5+ Kf7 21. Qd6 Qxf3 22. Qf8+ Kg6 23. Be8+ Kg5 24. Qxg7+ Kf4 25. Re1 Bxe4 26. Rxe4+ Qxe4 27. Bh5 Qf5 28. Qg3+ Ke4 29. Qe3+ Kd5 30. Bf3+ Kc4 31. Be2+ Kd5 32. Qd4+ Kc6 33. Qd6+ 1-0

[Event "AUT-chT2O 0708"]
[Site "Austria"]
[Date "2007.10.20"]
[Round "1.5"]
[White "Salamon, Werner"]
[Black "Poecksteiner, Johann"]
[Result "0-1"]
[WhiteElo "2147"]
[BlackElo "2161"]
[PlyCount "68"]
[EventDate "2007.10.20"]
[EventType "team-tourn"]
[EventRounds "11"]
[EventCountry "AUT"]
[SourceTitle "EXT 2009"]
[Source "ChessBase"]
[SourceDate "2008.11.26"]
[SourceVersion "1"]
[SourceVersionDate "2008.11.26"]
[SourceQuality "1"]
[WhiteTeam "Mattersburg"]
[BlackTeam "Wien Austria"]
[WhiteTeamCountry "AUT"]
[BlackTeamCountry "AUT"]

1. e4 d5 2. exd5 Qxd5 3. Nc3 Qa5 4. d4 Nf6 5. Bc4 c6 6. Nf3 Bf5 7. 0-0 e6 8. Qe2 Be7 9. Bd2 Qc7 10. Bb3 Nbd7 11. Ne5 h5 12. Rfe1 Nxe5 13. dxe5 Nd7 14. f4 Nc5 15. Kh1 Nxb3 16. cxb3 Qd7 17. Be3 Bb4 18. Red1 Qc7 19. h3 g5 20. fxg5 Qxe5 21. Qf2 Bd6 22. Rxd6 Qxd6 23. Bc5 Qc7 24. Qd4 Rg8 25. Re1 Qd8 26. Qe3 Qxg5 27. Re2 Bd3 28. Qxg5 Rxg5 29. Rd2 Rxc5 30. Rxd3 Rd8 31. Rg3 Kf8 32. Ne4 Rc1+ 33. Kh2 Rdd1 34. Rf3 h4 0-1

[Event "AUT-chT2O 0607"]
[Site "Austria"]
[Date "2007.04.15"]
[Round "11.6"]
[White "Poecksteiner, Johann"]
[Black "Mlynek, Petr"]
[Result "1/2-1/2"]
[WhiteElo "2166"]
[BlackElo "2149"]
[PlyCount "36"]
[EventDate "2006.10.06"]
[EventType "team-tourn"]
[EventRounds "11"]
[EventCountry "AUT"]
[SourceTitle "EXT 2007"]
[Source "ChessBase"]
[SourceDate "2006.11.23"]
[SourceVersion "1"]
[SourceVersionDate "2006.11.23"]
[SourceQuality "1"]
[WhiteTeam "Wien Austria"]
[BlackTeam "Zwettl"]
[WhiteTeamCountry "AUT"]
[BlackTeamCountry "AUT"]

1. d4 d5 2. c4 c6 3. Nf3 e6 4. cxd5 cxd5 5. Nc3 Nc6 6. Bf4 Nf6 7. e3 Be7 8. h3 0-0 9. Bd3 Bd7 10. 0-0 Qb6 11. Qe2 Rfc8 12. Rfc1 Qd8 13. a3 Na5 14. Nd2 a6 15. b4 Nc6 16. Nb3 a5 17. b5 Nb8 18. a4 Bb4 1/2-1/2

[Event "AUT-chT2O 0405"]
[Site "Austria"]
[Date "2004.11.20"]
[Round "3.5"]
[White "Poecksteiner, Johann"]
[Black "Kuthan, Andreas"]
[Result "1/2-1/2"]
[WhiteElo "2197"]
[BlackElo "2235"]
[PlyCount "38"]
[EventDate "2004.10.09"]
[EventType "team-tourn"]
[EventRounds "11"]
[EventCountry "AUT"]
[SourceTitle "EXT 2005"]
[Source "ChessBase"]
[SourceDate "2004.11.15"]
[SourceVersion "1"]
[SourceVersionDate "2004.11.15"]
[SourceQuality "1"]
[WhiteTeam "Wien Austria"]
[BlackTeam "Pamhagen SV Raiba"]
[WhiteTeamCountry "AUT"]
[BlackTeamCountry "AUT"]

1. e4 e6 2. Nf3 d5 3. Nc3 Nf6 4. e5 Nfd7 5. d4 c5 6. dxc5 Nc6 7. Bf4 Bxc5 8. Bd3 f6 9. exf6 Nxf6 10. 0-0 0-0 11. Ne5 Ne4 12. Bxe4 Rxf4 13. Nd3 Bxf2+ 14. Rxf2 Rxf2 15. Bxh7+ Kxh7 16. Qh5+ Kg8 17. Nxf2 Bd7 18. Rd1 Be8 19. Qg4 Qf6 1/2-1/2

[Event "Internet Section 16-A"]
[Site "Dos Hermanas"]
[Date "2003.03.16"]
[Round "5"]
[White "Quinones, Cesar Luis"]
[Black "Poecksteiner, Johann"]
[Result "1-0"]
[WhiteElo "2144"]
[BlackElo "2194"]
[PlyCount "59"]
[EventDate "2003.03.16"]
[EventType "swiss (blitz)"]
[EventRounds "9"]
[EventCountry "ESP"]
[SourceTitle "EXT 2004"]
[Source "ChessBase"]
[SourceDate "2003.11.25"]
[SourceVersion "1"]
[SourceVersionDate "2003.11.25"]
[SourceQuality "1"]

1. e4 d5 2. exd5 Qxd5 3. Nc3 Qa5 4. d4 Nf6 5. Nf3 Bg4 6. h3 Bh5 7. g4 Bg6 8. Ne5 e6 9. Bg2 c6 10. Bd2 Bb4 11. 0-0 Nbd7 12. a3 Bxc3 13. Bxc3 Qc7 14. Qe2 Nd5 15. Bd2 Nxe5 16. dxe5 h5 17. c4 Ne7 18. Bb4 c5 19. Bc3 hxg4 20. hxg4 0-0-0 21. Rad1 Nc6 22. b4 Nd4 23. Qe3 Nc2 24. Qxc5 Qxc5 25. bxc5 Bd3 26. Rb1 Bxf1 27. Bxb7+ Kd7 28. Kxf1 Rb8 29. Rb2 Nxa3 30. c6+ 1-0